<?xml version="1.0" encoding="UTF-8"?>
<collection xmlns="http://www.loc.gov/MARC21/slim">
 <record>
  <leader>01536nam a2200193Ia 4500</leader>
  <controlfield tag="001">TDMU_38049</controlfield>
  <controlfield tag="008">210410s9999    xx            000 0 und d</controlfield>
  <datafield tag="082" ind1=" " ind2=" ">
   <subfield code="a">349.42</subfield>
  </datafield>
  <datafield tag="100" ind1=" " ind2=" ">
   <subfield code="a">Nguyễn, Ngọc Châu Ngân</subfield>
  </datafield>
  <datafield tag="245" ind1=" " ind2="0">
   <subfield code="a">Giới thiệu phương pháp viết nhật ký trong giảng dạy kỹ năng viết tiếng anh bậc tiểu học</subfield>
  </datafield>
  <datafield tag="245" ind1=" " ind2="0">
   <subfield code="c">Nguyễn Ngọc Châu Ngân, Nguyễn Thị Châu Ngân; Ths.Huỳnh Thị Trúc Liễu (hướng dẫn)</subfield>
  </datafield>
  <datafield tag="260" ind1=" " ind2=" ">
   <subfield code="a">Bình Dương</subfield>
  </datafield>
  <datafield tag="260" ind1=" " ind2=" ">
   <subfield code="c">2017</subfield>
  </datafield>
  <datafield tag="300" ind1=" " ind2=" ">
   <subfield code="a">73tr</subfield>
  </datafield>
  <datafield tag="520" ind1=" " ind2=" ">
   <subfield code="a">Cơ quan chủ trì: Trường Đại học Thủ Dầu Một; Đề tài NCKH của sinh viên tham gia cuộc thi sinh viên nghiên cứu khoa học năm học 2016-2017.; Nội dung gồm có 2 chương: Chương 1. Cơ sở lý luận về phương pháp viết nhật ký trong giảng dạy kỹ năng viết tiếng anh bậc tiểu học. Chương 2. Tổ chức nghiên cứu thực nghiệm phương pháp viết nhật ký trong giảng dạy kỹ năng viết tiếng anh ở trường tiểu học Phú Hòa 3</subfield>
  </datafield>
  <datafield tag="650" ind1=" " ind2=" ">
   <subfield code="a">Báo cáo tổng kết; Giáo dục tiểu học</subfield>
   <subfield code="x">Kỹ năng viết tiếng anh</subfield>
   <subfield code="x">Phương pháp viết nhật ký</subfield>
  </datafield>
  <datafield tag="700" ind1=" " ind2=" ">
   <subfield code="a">Huỳnh, Thị Trúc Liễu</subfield>
  </datafield>
  <datafield tag="856" ind1=" " ind2=" ">
   <subfield code="u">http://lrc.tdmu.edu.vn/opac/search/detail.asp?aID=2&amp;ID=38049</subfield>
  </datafield>
  <datafield tag="980" ind1=" " ind2=" ">
   <subfield code="a">Trung tâm Học liệu Trường Đại học Thủ Dầu Một</subfield>
  </datafield>
 </record>
</collection>
